Na pretrase progresívnosť K majstrovstvám ČSSR vo volejbale

Bibliographic Details
Main Author: Pišťánek, Jozef, 1934-2007 (Author)
Format: Article
Language:Slovak
Subjects:

MARC

LEADER 00000nab a2200000 a 4500
001 vtls000012847
003 SK-MaSNL
005 20260303192804.0
008 160211c1978 xo 0 slo
015 |a SNBRB19rr/mm-uuuuu 
035 |a CL0022941 
040 |a SNKBUCL  |b slo  |c SNKBUCL  |e AACR2 
041 0 |a slo 
044 |a xo  |c SK 
080 |a 796.3  |2 1981 
100 1 |a Pišťánek, Jozef,  |d 1934-2007  |4 aut  |9 105760 
245 1 0 |a Na pretrase progresívnosť  |b K majstrovstvám ČSSR vo volejbale  |c Jozef Pišťánek 
650 0 7 |a volejbal  |2 snkbucl  |9 3294 
651 7 |a 5100  |2 snkbucl  |9 166206 
655 7 |a články z novín a časopisov  |2 snkbucl  |9 267496 
773 0 |t Šport  |g Roč. 30, č. 269 (14. 11. 1978), s. 2 
850 |a Slovenská národná knižnica v Martine  |a MTA001 
852 |a SNK  |b KIS3GCP 
958 |a RK 
992 |a RBX 
999 |c 2148751  |d 2150681